000 00298nam a22001337a 4500
008 190305b xxu||||| |||| 00| 0 eng d
020 _a0195064283
041 _aeng
080 _22nd
_a371
100 _a46
101 _aEDU
245 _aTeaching Students to Write
_cNeman,B.S
942 _2udc
_cBK
999 _c54456
_d54456